| 000 | 00364nam a2200145Ia 4500 | ||
|---|---|---|---|
| 008 | 230312s9999||||xx |||||||||||||| ||und|| | ||
| 020 | _a9-332-55178-7 | ||
| 082 |
_a720.19 _bFRA-F |
||
| 100 | _aFrancis;Richard L | ||
| 245 | 0 | _aFacility Layout & location | |
| 260 |
_bPearson _aIndia _c2015 |
||
| 300 | _a589 | ||
| 650 |
_aArchitecture _vArt & Design |
||
| 942 | _cBK | ||
| 999 |
_c11742 _d11742 |
||